Simulácia systémov reálneho času použitím Petriho sietí /

Salvato in:
Dettagli Bibliografici
Autore principale: Nguyen, Thu Giang (Autore)
Ente Autore: Katedra informatiky a výpočtovej techniky EF STU
Altri autori: Čičák, Pavel, 1955- (Relatore della tesi)
Natura: Manoscritto Libro
Lingua:slovacco
Pubblicazione: Bratislava : Slovenská technická univerzita v Bratislave 1995,
Tags: Aggiungi Tag
Nessun Tag, puoi essere il primo ad aggiungerne!!

MARC

LEADER 00000ntm a22000003a 4500
001 0065217
003 SK-STU
005 20220604185631.7
007 ta
008 180522s2018----xo-----f-mn---000-0-slo-d
040 |a STU  |b slo 
041 0 |a slo 
044 |a xo  |c SK 
100 1 |a Nguyen, Thu Giang  |4 aut  |X 90747  |7 90747 
245 1 0 |a Simulácia systémov reálneho času použitím Petriho sietí /  |c aut. Thu Giang Nguyen ; škol. Pavel Čičák 
260 |c 1995,  |a Bratislava :  |b Slovenská technická univerzita v Bratislave 
300 |a 52 s., príl. disketa HD/96 
700 1 |a Čičák, Pavel,  |d 1955-  |u 070100  |r Z1  |4 ths  |U FIIT Fakulta informatiky a informačných technológií  |T FIIT Ústav počítačových systémov a sietí  |X 1926  |U I100  |Y 178  |7 1926 
710 2 |a Katedra informatiky a výpočtovej techniky EF STU 
996 |c I*DP38/95  |l II680  |s P  |a 0  |w 0065217_0001